Aplikácia princípov marketingu v univerzitnej praxi

Gespeichert in:
Bibliographische Detailangaben
1. Verfasser: Nimrichterová, Jana
Format: Buchkapitel
Sprache:Slowakisch
Tags: Tag hinzufügen
Keine Tags, Fügen Sie das erste Tag hinzu!

MARC

LEADER 00000naa$a2200000$$$4500
001 0127899
005 20240614121840.9
041 0 |a slo 
044 |a SK 
245 1 0 |a Aplikácia princípov marketingu v univerzitnej praxi  |c Jana Nimrichterová 
100 1 |a Nimrichterová, Jana